Marketbeat UK investment market monthly briefing (Record no. 83852)

MARC details
000 -LEADER
fixed length control field 01290cad a22002055a 4500
001 - CONTROL NUMBER
control field L155321
008 - FIXED-LENGTH DATA ELEMENTS--GENERAL INFORMATION
fixed length control field 120320s2012 xxk 000 0 eng d
035 ## - SYSTEM CONTROL NUMBER
System control number (Sirsi) u155321
041 0# - LANGUAGE CODE
Language code of text/sound track or separate title eng
110 2# - MAIN ENTRY--CORPORATE NAME
Corporate name or jurisdiction name as entry element Cushman & Wakefield
9 (RLIN) 5888
245 00 - TITLE STATEMENT
Title Marketbeat UK investment market monthly briefing
Remainder of title March 2012
Medium [electronic resource]
260 ## - PUBLICATION, DISTRIBUTION, ETC.
Place of publication, distribution, etc. London
Name of publisher, distributor, etc. Cushman & Wakefield
Date of publication, distribution, etc. 2012
490 #0 - SERIES STATEMENT
Series statement Cushman & Wakefield Marketbeat UK Investment Market Monthly Briefing
Volume/sequential designation March 2012
520 ## - SUMMARY, ETC.
Summary, etc. Prime yields averaged 5.75% in February and were unchanged on the month, ending a losing streak that started last August. However, yields have moved out only 7 basis points since their low point last year and are in line with their 10 year average (5.72%). Graph covers core v non-core primary yields. Tables show yield primary property by decade since 1950s; yields other investment sectors by decade since the 1950s; and current prime yields across all sectors since 2007 to date.
590 ## - LOCAL NOTE (RLIN)
Local note KA
651 #4 - SUBJECT ADDED ENTRY--GEOGRAPHIC NAME
Geographic name United Kingdom
690 ## - LOCAL SUBJECT ADDED ENTRY--TOPICAL TERM (OCLC, RLIN)
Topical term or geographic name as entry element Commercial property
9 (RLIN) 6227
856 40 - ELECTRONIC LOCATION AND ACCESS
Uniform Resource Identifier <a href="https://www.cushwake.com/cwglobal/jsp/kcGlobalReportArchive.jsp?Country=GLOBAL&Language=EN&catId=100001&sector=ALL">https://www.cushwake.com/cwglobal/jsp/kcGlobalReportArchive.jsp?Country=GLOBAL&Language=EN&catId=100001&sector=ALL</a>
Public note View this report after free registration (Knowledge Center) at www.cushman.com
942 ## - ADDED ENTRY ELEMENTS (KOHA)
Suppress in OPAC 0
Holdings
Withdrawn status Lost status Source of classification or shelving scheme Damaged status Not for loan Home library Current library Shelving location Date acquired Total Checkouts Full call number Barcode Date last seen Copy number Price effective from Koha item type
    Dewey Decimal Classification     Virtual Virtual Online 18/03/2012   ONLINE PUBLICATION 155321-2001 06/08/2019 1 06/08/2019 Book